000 00302nam a2200121Ia 4500
008 150201s2007 xx 000 0 und d
082 _a616.0757
_bB07W
100 _aWHO
245 _aBASICS OF RADIATION PROTECTION
260 _bAITBS
_aDELHI
_c2007
650 _aRADIOLOGY & DIAGNOSIS
942 _2ddc
_cBK
_04
999 _c848
_d848